000 00693nam a2200217 a 4500
001 21634
003 CO-ViMGA
008 141112s2004 ck r 000 u spa d
020 _a8488342144
040 _aCO-ViMGA
_bspa
_cCO-ViMGA
082 0 4 _aBURe
100 1 _aBurningman, John
_930895
245 1 0 _aLas estaciones
260 _aMadrid :
_bKókinos,
_c1997
300 _a30
590 _aForma de adquisición : Donación fact. 8853 - - Precio : 74000 - - Proveedor : Fundación exito - - Fecha de adquisición : Junio 2007
650 1 4 _aCUENTOS INFANTILES
_92743
650 1 4 _aESTACIONES - CUENTOS INFANTILES
_930896
650 1 4 _aLIBROS ILUSTRADOS PARA NIÑOS
_92001
942 _2ddc
_cBK
999 _c30204
_d30204